[Event "27th Czech Open A 2016"]
[Site "Pardubice CZE"]
[Date "2016.07.28"]
[Round "7.12"]
[White "Yuffa, Daniil"]
[Black "Praggnanandhaa, R"]
[Result "1-0"]
[WhiteTitle "IM"]
[BlackTitle "FM"]
[WhiteElo "2502"]
[BlackElo "2429"]
[WhiteFideId "24131423"]
[BlackFideId "25059530"]
[EventDate "2016.07.22"]

1. Nf3 Nf6 2. c4 g6 3. Nc3 d5 4. cxd5 Nxd5 5. h4 Bg7 6. h5 Nxc3 7. bxc3 Nc6 8.
e4 e5 9. Ba3 Bg4 10. Qb3 Bf8 11. hxg6 fxg6 12. Qxb7 Bd7 13. Bxf8 Kxf8 14. Bb5
Rb8 15. Qa6 Nb4 16. cxb4 Bxb5 17. Qxa7 Rb6 18. Qa3 Rc6 19. Qe3 Qd6 20. a4 Bd3
21. Ng5 Rc4 22. Rh3 Rd4 23. Qf3+ Ke8 24. Qf7+ Kd8 25. Ne6+ Kc8 26. Nxd4 Qxd4 27.
Rc1 Qxe4+ 28. Re3 1-0

[Event "27th Czech Open A 2016"]
[Site "Pardubice CZE"]
[Date "2016.07.28"]
[Round "7.13"]
[White "Duzhakov, Ilya"]
[Black "Plat, Vojtech"]
[Result "0-1"]
[WhiteTitle "FM"]
[BlackTitle "IM"]
[WhiteElo "2404"]
[BlackElo "2498"]
[WhiteFideId "4192516"]
[BlackFideId "325740"]
[EventDate "2016.07.22"]

1. d4 d6 2. e4 Nf6 3. Nc3 e5 4. Nf3 Nbd7 5. Bc4 Be7 6. a4 O-O 7. O-O c6 8. h3 a5
9. Re1 exd4 10. Qxd4 Nb6 11. Ba2 d5 12. exd5 Nfxd5 13. Nxd5 Nxd5 14. Bxd5 cxd5
15. Qd3 Bf6 16. c3 Be6 17. Be3 Ra6 18. Bd4 Be7 19. Re3 Qc8 20. Nd2 Bd6 21. Rf3
f6 22. Nf1 Bf7 23. Qb5 Re8 24. Ne3 Qc6 25. Nf5 Bf8 26. Re3 Qxb5 27. axb5 Raa8
28. b3 Be6 29. Ng3 Bd7 30. Rxe8 Bxe8 31. b6 a4 32. bxa4 Rxa4 33. Re1 Bd7 34. Nh5
Kf7 35. Nf4 Ra5 36. Rd1 Bd6 37. Be3 Bc6 38. Ne2 Ra2 39. Nd4 Ba4 40. Re1 Rb2 41.
Nf3 Bb5 42. g3 Bd3 43. Ra1 Be7 44. Ra7 Ba6 45. Ra8 Rb3 46. Bd4 Bb5 47. Rc8 Bc6
48. Nh4 g6 49. Ng2 Bd6 50. Nf4 g5 51. Nd3 h5 52. Rh8 Kg6 53. Rg8+ Kf5 54. Kg2
Bb5 55. Ne1 Rb1 56. Nc2 Bd3 57. Ne3+ Ke6 58. Kf3 Rb2 59. Kg2 Be4+ 60. Kf1 Bf3
61. Ke1 Ba3 62. Re8+ Kf7 63. Rb8 Re2+ 64. Kf1 Rb2 65. Ke1 Rb1+ 66. Kd2 Bc1+ 67.
Kd3 Be4+ 68. Ke2 Rb2+ 69. Kf1 Bf3 70. Rxb7+ Kg6 71. Re7 Rb1 72. Nc2 Bd2+ 73. Ne1
Be4 74. Ke2 Bxe1 75. g4 hxg4 76. hxg4 Bg2 77. Re6 Bf1+ 78. Kf3 Bd2 79. Rxf6+ Kh7
80. Rf7+ Kg8 81. Rg7+ Kf8 82. Rd7 Bf4 83. Rxd5 Ke7 84. Ra5 Ke6 85. Ke4 Rd1 86.
Kf3 Rd3+ 87. Be3 Rxc3 88. Ke4 Rb3 89. Bxf4 Bg2+ 90. Kd4 gxf4 91. Rf5 f3 92. Kc5
Bf1 93. b7 Be2 94. Kd4 Rxb7 95. Ke3 Rb4 96. Rg5 Kf7 97. Rf5+ Kg6 98. Rf4 Rb3+
99. Kd2 Rd3+ 100. Kc2 Kg5 0-1

[Event "27th Czech Open A 2016"]
[Site "Pardubice CZE"]
[Date "2016.07.28"]
[Round "7.14"]
[White "Anurag, Mhamal"]
[Black "Gavrilov, Alexei1"]
[Result "1-0"]
[WhiteTitle "IM"]
[BlackTitle "GM"]
[WhiteElo "2392"]
[BlackElo "2465"]
[WhiteFideId "5024366"]
[BlackFideId "4104358"]
[EventDate "2016.07.22"]

1. e4 e5 2. Nf3 Nc6 3. d4 exd4 4. Nxd4 Bc5 5. Nb3 Bb6 6. Nc3 d6 7. Qe2 Nge7 8.
Be3 O-O 9. O-O-O f5 10. f4 fxe4 11. g3 Qe8 12. Bg2 Bxe3+ 13. Qxe3 Bg4 14. Rd2
Nf5 15. Qxe4 Ne3 16. h3 Bf5 17. Qxe8 Raxe8 18. Bf3 Nc4 19. Rf2 Nb6 20. g4 Bc8
21. a4 a6 22. f5 Ne5 23. Bg2 c6 24. Re2 g6 25. fxg6 Nxg6 26. Rxe8 Rxe8 27. Ne4
Rd8 28. Rd1 d5 29. Nbc5 Nc4 30. Nf6+ Kg7 31. Nh5+ Kg8 32. Re1 Rf8 33. b3 Nd6 34.
a5 Nf4 35. Nxf4 Rxf4 36. Bf1 h6 37. Bd3 Kf7 38. Kd2 Rf3 39. Re3 Rf2+ 40. Re2 Rf3
41. Rh2 d4 42. Rh1 Rg3 43. Ke2 Re3+ 44. Kf2 Kf6 45. c3 Ke5 46. b4 Kf4 47. cxd4
Be6 48. Nxe6+ Rxe6 49. Rf1 Re8 50. Bg6 Rd8 51. Ke2+ Kg5 52. Bd3 Re8+ 53. Kd2 Re6
54. Rf3 Kh4 55. Kc3 Kg5 56. d5 cxd5 57. Kd4 Ne8 58. Rf5+ Kh4 59. Rh5+ Kg3 60. g5
hxg5 61. Rxg5+ Kh4 62. Re5 Rxe5 63. Kxe5 Kxh3 64. Bf5+ Kg3 65. Bd7 Nc7 66. Kd6
Na8 67. Kxd5 b6 68. Ke4 1-0

[Event "27th Czech Open A 2016"]
[Site "Pardubice CZE"]
[Date "2016.07.28"]
[Round "7.15"]
[White "Konguvel, Ponnuswamy"]
[Black "Gurevich, Daniel"]
[Result "0-1"]
[WhiteTitle "IM"]
[BlackTitle "IM"]
[WhiteElo "2379"]
[BlackElo "2459"]
[WhiteFideId "5000548"]
[BlackFideId "2044676"]
[EventDate "2016.07.22"]

1. e4 c6 2. d4 d5 3. Nc3 dxe4 4. Nxe4 Bf5 5. Ng3 Bg6 6. h4 h6 7. Nf3 Nd7 8. h5
Bh7 9. Bd3 Bxd3 10. Qxd3 e6 11. Bd2 Ngf6 12. O-O-O Be7 13. Kb1 Qb6 14. c4 Rd8
15. Qc2 O-O 16. Bf4 Ng4 17. Ne4 Qa6 18. Bc7 Rc8 19. Bd6 Rce8 20. Ne5 Ndf6 21.
Nc5 Qa5 22. Nxb7 Qb6 23. Bxe7 Rxe7 24. Nd6 c5 25. Nxg4 Nxg4 26. dxc5 Qxc5 27.
Ne4 Qf5 28. Rd2 Rc7 29. b3 a5 30. Nc3 Qg5 31. Re2 Rb8 32. Ne4 Qe7 33. Nd2 Qc5
34. Rh4 Nf6 35. Ne4 Nxe4 36. Qxe4 a4 37. Rb2 axb3 38. axb3 Qa3 39. Rh3 Ra7 40.
Rd3 Qa1+ 41. Kc2 Qf1 42. Rd2 Ra1 43. Kc3 Qc1+ 44. Rdc2 Qg5 45. b4 Ra3+ 46. Rb3
Qf6+ 0-1

[Event "27th Czech Open A 2016"]
[Site "Pardubice CZE"]
[Date "2016.07.28"]
[Round "7.16"]
[White "Shevchenko, Kirill"]
[Black "Kononenko, Dmitry1"]
[Result "1/2-1/2"]
[WhiteTitle "FM"]
[BlackTitle "GM"]
[WhiteElo "2443"]
[BlackElo "2621"]
[WhiteFideId "14129574"]
[BlackFideId "14113007"]
[EventDate "2016.07.22"]

1. e4 c5 2. Nf3 Nc6 3. d4 cxd4 4. Nxd4 Qc7 5. Nc3 e6 6. f4 a6 7. Nxc6 bxc6 8.
Bd3 d5 9. O-O Nf6 10. Qf3 Be7 11. Kh1 O-O 12. e5 Nd7 13. Na4 Bb7 14. Qh3 g6 15.
c4 dxc4 16. Bxc4 Nb6 17. Nxb6 Qxb6 18. Be3 c5 19. b3 Rfd8 20. Qg4 Qc6 21. Kg1 a5
22. Qf3 Qxf3 23. gxf3 a4 24. Rac1 axb3 25. axb3 Ra3 26. Kg2 h5 27. Ra1 Rda8 28.
Rxa3 Rxa3 29. Rf2 Bd5 30. Rc2 Bb7 31. Be2 Rxb3 32. Bxc5 Bxc5 33. Rxc5 h4 34. Rb5
Bxf3+ 35. Kf2 Rxb5 36. Bxb5 Bd5 37. Ke3 Kg7 38. Be8 Bb7 39. Bd7 Bd5 40. Be8 f5
41. exf6+ Kxf6 42. Ba4 g5 43. fxg5+ Kxg5 44. Bd1 Bg2 45. Bb3 Bh3 46. Bd1 Bf5 47.
Be2 e5 48. Bd1 Bg4 49. Bb3 Bh5 50. Ke4 Kf6 51. Ke3 Kf5 52. Bc2+ Kg5 53. Bb3 Bg6
54. Bd1 Bf5 55. Be2 Bc2 56. Kd2 Ba4 57. Ke3 Bc6 58. Bd1 Kf5 59. Be2 Bd5 1/2-1/2

[Event "27th Czech Open A 2016"]
[Site "Pardubice CZE"]
[Date "2016.07.28"]
[Round "7.17"]
[White "Nagy, Gabor1"]
[Black "Cvek, Robert"]
[Result "1/2-1/2"]
[WhiteTitle "IM"]
[BlackTitle "GM"]
[WhiteElo "2439"]
[BlackElo "2522"]
[WhiteFideId "737119"]
[BlackFideId "307424"]
[EventDate "2016.07.22"]

1. e4 e6 2. d4 d5 3. Nc3 Nf6 4. exd5 exd5 5. Bg5 c6 6. Bd3 Be7 7. Nge2 Nbd7 8.
O-O Nf8 9. Nf4 Ne6 10. Nxe6 Bxe6 11. Ne2 O-O 12. c3 Re8 13. Ng3 h6 14. Bf4 Bd6
15. Qd2 Bxf4 16. Qxf4 Qb8 17. Qxb8 Raxb8 18. Rfe1 Bd7 19. f3 Kf8 20. Kf2 1/2-1/2

[Event "27th Czech Open A 2016"]
[Site "Pardubice CZE"]
[Date "2016.07.28"]
[Round "7.18"]
[White "Lalic, Bogdan"]
[Black "Demidov, Mikhail"]
[Result "1/2-1/2"]
[WhiteTitle "GM"]
[BlackTitle "IM"]
[WhiteElo "2436"]
[BlackElo "2514"]
[WhiteFideId "409081"]
[BlackFideId "4197143"]
[EventDate "2016.07.22"]

1. d4 Nf6 2. c4 e6 3. Nf3 b6 4. Nc3 Bb4 5. Bg5 Bb7 6. Nd2 h6 7. Bh4 Qe7 8. f3 c5
9. a3 Bxc3 10. bxc3 Nc6 11. Nb3 d6 12. e4 e5 13. d5 Nb8 14. a4 a5 15. Rb1 Nbd7
16. Na1 Bc8 17. Nc2 Rb8 18. Ne3 Nf8 19. Bd3 Kd8 20. Bf2 Kc7 21. h4 Kb7 22. Kd2
Ka7 23. Qg1 Nh5 24. Bc2 g6 25. Qh2 f6 26. g4 Nf4 27. Bg3 g5 28. h5 Qc7 1/2-1/2

[Event "27th Czech Open A 2016"]
[Site "Pardubice CZE"]
[Date "2016.07.28"]
[Round "7.19"]
[White "Grinberg, Eyal"]
[Black "Kovalev, Andrei"]
[Result "0-1"]
[WhiteTitle "FM"]
[BlackTitle "GM"]
[WhiteElo "2431"]
[BlackElo "2513"]
[WhiteFideId "2806070"]
[BlackFideId "13500023"]
[EventDate "2016.07.22"]

1. e4 c5 2. Nf3 Nc6 3. d4 cxd4 4. Nxd4 g6 5. c4 Bg7 6. Be3 Nf6 7. Nc3 O-O 8. Be2
d6 9. O-O Bd7 10. Nc2 Rc8 11. Rc1 Ne5 12. Na3 a6 13. h3 Be6 14. b3 Qa5 15. Nab1
b5 16. f4 Nc6 17. Nd5 Nxe4 18. Bf3 Nc5 19. b4 Nxb4 20. Nxe7+ Kh8 21. Nxc8 Rxc8
22. Qxd6 bxc4 23. Bd2 Qa4 24. Bd1 Qc6 25. Qxc6 Nxc6 26. Be2 Nd3 27. Bxd3 cxd3
28. Kh2 Bxa2 29. Rc5 Bf8 30. Rc3 Bg7 31. Rc5 Bf8 32. Rc3 Bg7 33. Ra3 Bc4 34. Rc1
Bb5 35. Rb3 Bf8 36. Nc3 Bc4 37. Rb6 Ba3 38. Ra1 Bc5 39. Na4 Bd4 40. Rc1 Bb5 41.
Nc5 Ne7 42. Bb4 Nd5 43. Rd6 Nxb4 44. Rxd4 Na2 45. Ra1 Rxc5 46. Rxa2 Kg7 47. Ra1
Rc2 48. Rd6 Kf8 49. Kg3 Ke7 50. Rd4 Re2 51. Rc1 h5 52. Kf3 h4 53. Re4+ Kd6 54.
Rd4+ Ke6 55. f5+ Kxf5 56. Rxh4 Ke5 57. Rb4 Rc2 58. Re1+ Kd6 59. g4 g5 60. Rd1
Kc5 61. Rb3 Kd4 62. Re1 Bc6+ 0-1

[Event "27th Czech Open A 2016"]
[Site "Pardubice CZE"]
[Date "2016.07.28"]
[Round "7.20"]
[White "Krejci, Jan2"]
[Black "Yankelevich, Lev"]
[Result "1/2-1/2"]
[WhiteTitle "GM"]
[WhiteElo "2504"]
[BlackElo "2415"]
[WhiteFideId "322156"]
[BlackFideId "24684074"]
[EventDate "2016.07.22"]

1. e4 c5 2. Nf3 e6 3. d4 cxd4 4. Nxd4 Nc6 5. Nc3 Qc7 6. Be3 a6 7. Be2 Nf6 8. O-O
Be7 9. f4 d6 10. Kh1 O-O 11. Qe1 Nxd4 12. Bxd4 b5 13. Bd3 Bb7 14. a3 Rad8 15.
Qg3 Rd7 16. Rae1 Re8 17. e5 dxe5 18. Bxe5 Qd8 19. Ne4 Nh5 20. Qh3 g6 21. b4 Qb6
22. Qe3 Qc6 23. Re2 Rc8 24. Bd4 Qd5 25. c3 Ng7 26. Nc5 Nf5 27. Bxf5 Bxc5 28.
Bxe6 Bxd4 29. Bxd5 Bxe3 30. Bxb7 Rxc3 31. Bxa6 1/2-1/2

[Event "27th Czech Open A 2016"]
[Site "Pardubice CZE"]
[Date "2016.07.28"]
[Round "7.21"]
[White "Bilguun, Sumiya"]
[Black "Belyakov, Bogdan"]
[Result "1/2-1/2"]
[WhiteTitle "FM"]
[BlackTitle "IM"]
[WhiteElo "2419"]
[BlackElo "2488"]
[WhiteFideId "4901541"]
[BlackFideId "24104795"]
[EventDate "2016.07.22"]

1. e4 e5 2. Nf3 Nc6 3. Bb5 Nf6 4. O-O Nxe4 5. d4 Nd6 6. Bxc6 dxc6 7. dxe5 Nf5 8.
Qxd8+ Kxd8 9. Nc3 Ke8 10. h3 h5 11. Bf4 Be7 12. Rad1 Be6 13. Ng5 Rh6 14. g3 Bxg5
15. Bxg5 Rg6 16. h4 f6 17. exf6 gxf6 18. Bf4 Nxh4 19. f3 Rd8 20. Kf2 Rxd1 21.
Nxd1 Nf5 22. Rh1 1/2-1/2

[Event "27th Czech Open A 2016"]
[Site "Pardubice CZE"]
[Date "2016.07.28"]
[Round "7.22"]
[White "Zumsande, Martin"]
[Black "Roubalik, Jakub"]
[Result "1-0"]
[WhiteTitle "IM"]
[WhiteElo "2487"]
[BlackElo "2397"]
[WhiteFideId "4651324"]
[BlackFideId "322237"]
[EventDate "2016.07.22"]

1. e4 c5 2. c3 Qa5 3. Nf3 Nc6 4. Na3 e6 5. Bb5 Nf6 6. Qe2 Be7 7. O-O O-O 8. d3
Qc7 9. Bg5 d5 10. Rfe1 a6 11. Bxc6 bxc6 12. e5 Ne8 13. h4 f6 14. Bf4 Qd8 15. g3
Ra7 16. Nc2 Rb7 17. b3 fxe5 18. Nxe5 Rxf4 19. gxf4 Bxh4 20. Qg4 Nd6 21. Ne3 Bf6
22. Kg2 Qf8 23. Rh1 Nf5 24. Nxf5 exf5 25. Qh3 g6 26. Rae1 Qd6 27. Nxg6 Rg7 28.
Re8+ Kf7 29. Rxc8 Qxf4 30. Rf8+ Ke6 31. Re1+ Kd7 32. Rf7+ 1-0

[Event "27th Czech Open A 2016"]
[Site "Pardubice CZE"]
[Date "2016.07.28"]
[Round "7.23"]
[White "Yagupov, Igor"]
[Black "Haba, Petr"]
[Result "0-1"]
[WhiteTitle "GM"]
[BlackTitle "GM"]
[WhiteElo "2405"]
[BlackElo "2484"]
[WhiteFideId "4113632"]
[BlackFideId "300160"]
[EventDate "2016.07.22"]

1. e4 e6 2. d4 d5 3. Nc3 Bb4 4. e5 c5 5. a3 Bxc3+ 6. bxc3 Ne7 7. Qg4 Kf8 8. a4
Qc7 9. Qd1 cxd4 10. cxd4 Qc3+ 11. Bd2 Qxd4 12. Nf3 Qe4+ 13. Be2 Nbc6 14. O-O
Nxe5 15. Nxe5 Qxe5 16. Bb4 Qc7 17. c4 Kg8 18. Bxe7 Qxe7 19. cxd5 exd5 20. Qxd5
Be6 21. Qe4 Re8 22. Rfc1 h5 23. Bf3 b6 24. h3 Rh6 25. Rc3 h4 26. Rac1 Qg5 27.
Rc7 Rf6 28. Rd1 a5 29. Kh1 Qf4 30. Qc6 Rb8 31. Rd6 Qb4 32. Bg4 Rxf2 33. Kg1 Qe1+
34. Kh2 Rf1 0-1

[Event "27th Czech Open A 2016"]
[Site "Pardubice CZE"]
[Date "2016.07.28"]
[Round "7.24"]
[White "Potapov, Pavel"]
[Black "Batchimeg, Tuvshintugs"]
[Result "1-0"]
[WhiteTitle "GM"]
[BlackTitle "IM"]
[WhiteElo "2483"]
[BlackElo "2391"]
[WhiteFideId "4169786"]
[BlackFideId "4900839"]
[EventDate "2016.07.22"]

1. e4 e5 2. Nf3 Nc6 3. Bc4 Nf6 4. d3 Be7 5. O-O d6 6. a4 O-O 7. Re1 Be6 8. Nbd2
Qd7 9. a5 a6 10. c3 Rfe8 11. Qb3 Rab8 12. Nf1 h6 13. Ne3 Bxc4 14. Qxc4 Bf8 15.
Bd2 Ne7 16. Qb3 Ng6 17. Rad1 c6 18. Nf5 d5 19. Be3 c5 20. Ng3 Qc6 21. c4 d4 22.
Bc1 b5 23. axb6 Qxb6 24. Qc2 Qb3 25. Qd2 Qb4 26. Qe2 Nf4 27. Qf1 N6h5 28. Nxh5
Nxh5 29. g3 g6 30. Nh4 Qb6 31. f4 exf4 32. gxf4 Qf6 33. Ng2 Rb3 34. Qe2 a5 35.
Rf1 Ng7 36. Kh1 Qc6 37. Nh4 f5 38. Qg2 Rb6 39. Rde1 Kh7 40. exf5 Qxg2+ 41. Kxg2
gxf5 42. Rxe8 Nxe8 43. Nxf5 Rb3 44. Rf3 Nf6 45. h3 Kg6 46. Ng3 a4 47. Kf2 Nd7
48. Ke2 Nb8 49. h4 Nc6 50. h5+ Kf7 51. Ne4 Rb6 52. f5 Ne5 53. Rg3 Rb3 54. Kd2
Nc6 55. Kd1 Nb4 56. Ke2 Na2 57. Kd2 Nb4 58. Rf3 Nc6 59. Ke2 Ne5 60. Rg3 Rb8 61.
Kd1 Rb3 62. Kc2 Nc6 63. Bd2 Ne5 64. Be1 Be7 65. Bd2 Bf8 66. Ba5 Nc6 67. Be1 Ne5
68. Bd2 Nd7 69. Rg6 Rb6 70. Bf4 Rxg6 71. fxg6+ Ke6 72. Ng3 Nb6 73. Kd2 Nc8 74.
Ke2 Ne7 75. Kf3 Ng8 76. Ne4 Be7 77. Kg4 Bf8 78. Bb8 1-0

[Event "27th Czech Open A 2016"]
[Site "Pardubice CZE"]
[Date "2016.07.28"]
[Round "7.25"]
[White "Potapov, Alexander1"]
[Black "Smirnov, Anton"]
[Result "1/2-1/2"]
[WhiteTitle "GM"]
[BlackTitle "IM"]
[WhiteElo "2401"]
[BlackElo "2478"]
[WhiteFideId "4115074"]
[BlackFideId "3208923"]
[EventDate "2016.07.22"]

1. d4 Nf6 2. c4 g6 3. Nc3 d5 4. cxd5 Nxd5 5. e4 Nxc3 6. bxc3 Bg7 7. Qa4+ Nd7 8.
Nf3 O-O 9. Be2 c5 10. O-O a6 11. Bg5 b5 12. Qc2 Bb7 13. Rad1 cxd4 14. cxd4 Rc8
15. Qb1 Nb6 16. d5 Qd6 17. Bd2 Qd7 18. Qb3 Na4 19. Rc1 Rxc1 20. Rxc1 Rc8 21.
Rxc8+ Qxc8 22. h3 e6 23. dxe6 Qxe6 24. Qxe6 fxe6 25. Ng5 Bh6 26. Bg4 Bc8 27. h4
Nc5 28. e5 Bxg5 29. hxg5 Kf7 30. Bb4 Nd3 31. Bd6 Bb7 32. Bd1 Bd5 33. a3 Ke8 34.
f3 Nb2 35. Bc2 Nc4 36. Bb4 Nxe5 37. Kf2 Kd7 38. Ke3 a5 39. Bf8 Nf7 40. Kd4 Kc6
41. Be7 e5+ 42. Ke3 Nd6 43. Bd3 Nf5+ 44. Bxf5 gxf5 45. Bf6 e4 46. fxe4 fxe4 47.
Kd4 b4 48. axb4 axb4 49. Be5 b3 50. Ke3 Kc5 51. g3 Bc6 52. Bb2 Kd5 53. Kf4 Bb5
54. Ke3 Bd3 55. Kf4 Ke6 56. Bc3 Kf7 57. Bb2 Kg6 58. Bc3 Kh5 59. Be5 Bc2 60. Bf6
Bd3 1/2-1/2

[Event "27th Czech Open A 2016"]
[Site "Pardubice CZE"]
[Date "2016.07.28"]
[Round "7.26"]
[White "Puranik, Abhimanyu"]
[Black "Kantsler, Boris"]
[Result "1/2-1/2"]
[WhiteTitle "IM"]
[BlackTitle "GM"]
[WhiteElo "2475"]
[BlackElo "2395"]
[WhiteFideId "5061245"]
[BlackFideId "2805359"]
[EventDate "2016.07.22"]

1. e4 c5 2. Nf3 e6 3. c3 Nf6 4. e5 Nd5 5. g3 d6 6. exd6 Bxd6 7. Bg2 O-O 8. O-O
Nc6 9. d4 cxd4 10. Nxd4 Nxd4 11. Qxd4 Qb6 12. Qd3 Bd7 13. Nd2 Be7 14. Nf3 Qc7
15. Re1 Bf6 16. Qe2 Rac8 17. Ne5 Bxe5 18. Qxe5 Qxe5 19. Rxe5 Bc6 20. h3 Rfd8 21.
Re1 Rd7 22. a3 a6 23. c4 Ne7 24. b3 1/2-1/2

[Event "27th Czech Open A 2016"]
[Site "Pardubice CZE"]
[Date "2016.07.28"]
[Round "7.28"]
[White "Abergel, Thal"]
[Black "Drnovsek, Gal"]
[Result "1-0"]
[WhiteTitle "GM"]
[BlackTitle "FM"]
[WhiteElo "2457"]
[BlackElo "2359"]
[WhiteFideId "614890"]
[BlackFideId "14607077"]
[EventDate "2016.07.22"]

1. e4 c5 2. Nc3 a6 3. Nge2 b5 4. g3 Bb7 5. Bg2 e6 6. d4 b4 7. Na4 cxd4 8. Qxd4
Nc6 9. Qe3 d6 10. O-O Nf6 11. Rd1 Nd7 12. b3 Be7 13. Bb2 O-O 14. c4 Qc7 15. f4
e5 16. Bh3 Ncb8 17. Rac1 Bc6 18. c5 dxc5 19. fxe5 Bxa4 20. bxa4 Nb6 21. Nf4 Nxa4
22. Nd5 Qa7 23. Ba1 a5 24. e6 f6 25. e5 f5 26. Nf6+ Kh8 27. Bg2 Qa6 28. Bxa8
Qxa8 29. Nd5 Nc6 30. Qb3 1-0

[Event "27th Czech Open A 2016"]
[Site "Pardubice CZE"]
[Date "2016.07.28"]
[Round "7.29"]
[White "Tate, Alan"]
[Black "Sundararajan, Kidambi"]
[Result "1-0"]
[WhiteTitle "FM"]
[BlackTitle "GM"]
[WhiteElo "2331"]
[BlackElo "2456"]
[WhiteFideId "2401878"]
[BlackFideId "5005370"]
[EventDate "2016.07.22"]

1. e4 e5 2. Nf3 Nc6 3. Bc4 Bc5 4. c3 Nf6 5. d3 a6 6. a4 O-O 7. b4 Be7 8. Qb3 d6
9. Na3 Bg4 10. Ng5 Bh5 11. Nc2 d5 12. exd5 Nxd5 13. Bxd5 Bxg5 14. O-O Bxc1 15.
Raxc1 Qg5 16. Rce1 Rad8 17. Re3 Rd6 18. Rfe1 Rf6 19. Qc4 Qf5 20. f3 Qd7 21. Qc5
Bg6 22. b5 axb5 23. axb5 Nd8 24. Nb4 c6 25. bxc6 bxc6 26. Bc4 Nb7 27. Qxe5 Nd6
28. Qd4 Qc8 29. Qc5 Nxc4 30. Qxc4 h6 31. Qc5 Rd8 32. d4 Kh7 33. Re7 Rfd6 34.
R7e5 Qa8 35. Qa5 Qb8 36. Re7 Rc8 37. Qc5 Rf6 38. R1e5 Qb5 39. Qxb5 cxb5 40. Rc5
Rb8 41. Ree5 Rfb6 42. g4 R6b7 43. Nc6 Ra8 44. Rxb5 Ra1+ 45. Kf2 Rc7 46. d5 Bd3
47. Rc5 f6 48. Re7 Rf1+ 49. Ke3 Re1+ 50. Kxd3 Rexe7 51. Nxe7 Rxc5 52. d6 1-0

[Event "27th Czech Open A 2016"]
[Site "Pardubice CZE"]
[Date "2016.07.28"]
[Round "7.30"]
[White "Vyskocil, Neklan"]
[Black "Solozhenkin, Evgeniy"]
[Result "1-0"]
[WhiteTitle "IM"]
[BlackTitle "GM"]
[WhiteElo "2323"]
[BlackElo "2454"]
[WhiteFideId "307106"]
[BlackFideId "4102266"]
[EventDate "2016.07.22"]

1. d4 Nf6 2. Nf3 g6 3. c4 Bg7 4. Nc3 d5 5. cxd5 Nxd5 6. Bd2 O-O 7. e4 Nb6 8. Be3
Bg4 9. Be2 Bxf3 10. gxf3 e6 11. Qd2 Nc6 12. O-O-O Qd7 13. d5 exd5 14. Nxd5 Nxd5
15. Qxd5 Qe7 16. Qc5 Qe6 17. Kb1 Be5 18. h4 h5 19. Qc4 Qf6 20. Bg5 Qg7 21. Bc1
Rad8 22. f4 Rxd1 23. Bxd1 Bd4 24. Rg1 Bxf2 25. Rg2 Rd8 26. Bxh5 Rd4 27. Qc2 Bxh4
28. e5 Qh7 29. Bf3 Nb4 30. Qf5 g5 31. Qxh7+ Kxh7 32. Be3 Rd8 33. fxg5 Kg7 34.
Rg4 Be1 35. Be2 Nc6 36. Re4 Bg3 37. e6 Re8 38. Bc4 fxe6 39. Bxe6 Bd6 40. Bd5
Rxe4 41. Bxe4 a6 42. Kc2 Be5 43. Bxc6 bxc6 44. b4 Kg6 45. Kb3 c5 46. Bxc5 c6 47.
Bb6 Kxg5 48. Ka4 Bb2 49. Ka5 Ba3 50. Bc5 Kf5 51. Kb6 Ke4 52. Kxc6 Kd3 53. b5
axb5 54. Bxa3 Kc4 55. Kb6 b4 56. Bb2 Kd5 57. Bg7 Kc4 58. Kc6 1-0

[Event "27th Czech Open A 2016"]
[Site "Pardubice CZE"]
[Date "2016.07.28"]
[Round "7.31"]
[White "Smith, Bryan G"]
[Black "Kathmale, Sameer"]
[Result "1-0"]
[WhiteTitle "GM"]
[BlackTitle "IM"]
[WhiteElo "2453"]
[BlackElo "2298"]
[WhiteFideId "2017083"]
[BlackFideId "5024498"]
[EventDate "2016.07.22"]

1. g3 Nf6 2. Bg2 d5 3. Nf3 Bf5 4. O-O e6 5. c4 c6 6. cxd5 exd5 7. d3 Be7 8. Qb3
Qb6 9. Qc2 Nbd7 10. Nc3 O-O 11. e4 dxe4 12. dxe4 Bg6 13. Nh4 Rfe8 14. h3 Bb4 15.
Be3 Qa5 16. Bd2 Qe5 17. Rae1 Qe6 18. Nxg6 hxg6 19. e5 Nh7 20. Nd5 cxd5 21. Bxb4
Nxe5 22. Bc3 Qd6 23. Qb3 Nf6 24. Qxb7 Nc6 25. Bxf6 gxf6 26. Rd1 Ne7 27. Rfe1 Kf8
28. Bxd5 Rab8 29. Bg2 Qxd1 30. Rxd1 Rxb7 31. Bxb7 Rb8 32. Bf3 Rxb2 33. Rd8+ Kg7
34. Rd7 Nc8 35. Bd5 Kh6 36. Rxf7 f5 37. h4 Rb8 38. Bb3 a5 39. Rf8 Kg7 40. Rg8+
Kf6 41. Kg2 a4 42. Bxa4 Rb4 43. Bb3 Nd6 44. f3 Nc4 45. Rd8 f4 46. Rf8+ Ke7 47.
Rxf4 Ne3+ 48. Kf2 Rxf4 49. gxf4 Nf5 50. Bc2 Nd4 51. Bxg6 Kf6 52. Be4 1-0

[Event "27th Czech Open A 2016"]
[Site "Pardubice CZE"]
[Date "2016.07.28"]
[Round "7.32"]
[White "Hirneise, Tobias"]
[Black "Kulkarni, Rakesh"]
[Result "1-0"]
[WhiteTitle "IM"]
[WhiteElo "2452"]
[BlackElo "2296"]
[WhiteFideId "24600881"]
[BlackFideId "5037077"]
[EventDate "2016.07.22"]

1. d4 Nf6 2. c4 e6 3. Nf3 d5 4. g3 dxc4 5. Qa4+ Nbd7 6. Qxc4 a6 7. Bg2 b5 8. Qc6
Ra7 9. Qc2 Bb7 10. O-O c5 11. a4 b4 12. Be3 Nd5 13. Bg5 Be7 14. Bxe7 Qxe7 15.
Nbd2 O-O 16. e4 N5f6 17. Rac1 Rc8 18. e5 Nd5 19. Ne4 cxd4 20. Qd3 Raa8 21. Qxd4
Rd8 22. Nfd2 a5 23. Nd6 Ba6 24. Bxd5 exd5 25. Rfe1 Nf8 26. Qxd5 Bb7 27. Qxb7
Qxb7 28. Nxb7 Rxd2 29. b3 Ne6 30. Red1 Nd4 31. Rxd2 Nf3+ 32. Kg2 Nxd2 33. Nxa5
g5 34. Rc2 Rd8 35. Nc6 Rd7 36. a5 g4 37. a6 Nf3 38. Rc1 Rd2 39. Ra1 1-0

[Event "27th Czech Open A 2016"]
[Site "Pardubice CZE"]
[Date "2016.07.28"]
[Round "7.33"]
[White "Venkatesh, M.R."]
[Black "Gahan, M G"]
[Result "1-0"]
[WhiteTitle "GM"]
[WhiteElo "2445"]
[BlackElo "2249"]
[WhiteFideId "5005779"]
[BlackFideId "5027373"]
[EventDate "2016.07.22"]

1. e4 c5 2. Nf3 e6 3. d4 cxd4 4. Nxd4 a6 5. Be2 Nf6 6. Nc3 Bb4 7. e5 Ne4 8. O-O
Nxc3 9. bxc3 Bxc3 10. Ba3 Qa5 11. Bd6 Nc6 12. Nxc6 dxc6 13. f4 Qd5 14. Rb1 Qd4+
15. Kh1 Qxd1 16. Rfxd1 Ba5 17. Bf3 Bd8 18. a4 Be7 19. Bc7 O-O 20. a5 f5 21. Rd3
h6 22. g3 g5 23. h3 Kg7 24. Bh5 Kg8 25. Bb6 Kg7 26. Kg2 Kg8 27. Kf3 Rb8 28. Rbd1
Ra8 29. Ke3 Rb8 30. Kd2 Ra8 31. Kc3 Rb8 32. Kc4 Ra8 33. Bc5 Bxc5 34. Kxc5 b5 35.
Rd8 Bb7 36. Rxf8+ Rxf8 37. c3 1-0